000 00986nam a22002657a 4500
005 20110318111954.0
008 110318t xxu||||| |||| 00| 0 eng d
010 _aENG-102173
020 _a9788125936312
_c225.00
035 _aEN-85706
037 _bDBAD/PUB
040 _adpl
_bEng
082 _a001.64
100 1 _926630
_aSaxena, Sanjay
245 1 0 _aA first course in computers based on Windows XP and Office XP /
_cby Sanjay Saxena
250 _a2nd ed
260 _aNoida
_bVikas Publishing House
_c2010
270 _aE-28, Sector-8
_bNoida
_e201301
300 _axx, 500 p.:
_c24cm (pbk)
_bill.
_e1 CD-ROM
650 0 _926631
700 _926636
942 _2ddc
_cEN
_mSAX
_h001.64
999 _c51152
_d51152